Culture Générale - Série 2074 - Statistiques

Statistiques générales
  • Ce quiz a été pris 95 fois
  • Le résultat moyen est 4 sur 10
Statistiques - réponses
Question Réponse % Correct
Quel chanteur belge chante "Formidable" ? voir photo Stromae
90%
A quel saison se rapporte l'adjectif "hiémal" ? hiver
89%
Sous quel nom connait-on mieux le chanteur français Gaston Ghrenassia, né en 1938 à Constantine (Algérie) ? Enrico Macias
56%
De quel groupe pop français des années 1970 faisait partie la chanteuse Joëlle Mogensen (1953-1982) ? - 4 mots Il était une fois
53%
Quelle est la capitale de l'état des Etats Unis "Massachusetts" ? Boston
52%
Quelle était la nationalité de l'artiste peintre James Ensor (1860-1949) ? belge
27%
C'est le nom d'une danse de marins et un mets de poissons coupés en morceaux et accommodés au vin et aux oignons matelote
23%
Dans quel département français se trouve la ville de Méru ? Oise
16%
Quelle péninsule du Canada est l'homonyme d'une ville du département de l'Yonne ? Avalon
5%
Quel verbe de 10 lettres commençant par " s " signifie " Payer quelqu'un pour l'exécution d'une mauvaise action " ? stipendier
3%
Aucun quiz correspondant
Distribution des résultats
% des personnes avec chaque résultat
Percentile par nombre de réponses
Votre historique - résultats
Vous n’avez pas pris ce quiz